[Event "Madrid-ch Semifinal A"]
[Site "Madrid ESP"]
[Date "2014.03.18"]
[Round "5.4"]
[White "Gonzalez Mateos, Rafael"]
[Black "Spitzer Isbert, Ramon"]
[Result "1-0"]
[WhiteElo "2005"]
[BlackElo "2070"]
[PlyCount "105"]
[EventDate "2014.03.10"]
[EventType "swiss"]
[EventRounds "9"]
[EventCountry "ESP"]
[Source "lmi"]
[SourceDate "2014.03.10"]

1. d4 Nf6 2. c3 d6 3. Bg5 Nbd7 4. Nd2 e5 5. e4 Be7 6. Ngf3 O-O 7. Be2 h6 8. Bh4
c6 9. dxe5 dxe5 10. Qc2 Qc7 11. h3 Re8 12. O-O Nc5 13. Bg3 Bf8 14. b4 Ncd7 15.
Bc4 a5 16. a3 Nh5 17. Bh2 Nf4 18. Rfe1 b6 19. Bf1 Ba6 20. bxa5 bxa5 21. Bxa6
Rxa6 22. Nc4 f6 23. Red1 Kh8 24. Rd2 Raa8 25. Rad1 Nc5 26. Nh4 Rad8 27. Bxf4
exf4 28. Ng6+ Kg8 29. f3 Rxd2 30. Qxd2 Nb3 31. Qd7 Qxd7 32. Rxd7 Nc1 33. Nxf8
Kxf8 34. Nxa5 Rb8 35. Nxc6 Rb1 36. Kf2 Rb2+ 37. Kf1 Ne2 38. Rd1 Nxc3 39. Ra1 f5
40. a4 fxe4 41. fxe4 Nxe4 42. a5 Nd2+ 43. Kg1 f3 44. gxf3 Nxf3+ 45. Kf1 Rh2 46.
Ra4 Rc2 47. Nb4 Rc4 48. a6 Rc8 49. a7 Ra8 50. Nd5 Nd2+ 51. Ke2 Nb3 52. Nc7 Nd4+
53. Kf1 1-0

[Event "Madrid-ch Semifinal A"]
[Site "Madrid ESP"]
[Date "2014.03.18"]
[Round "5.5"]
[White "Jimenez Gonzalez, Marcos"]
[Black "Alvarez Abejon, Amilcar"]
[Result "0-1"]
[WhiteElo "1851"]
[BlackElo "2054"]
[PlyCount "102"]
[EventDate "2014.03.10"]
[EventType "swiss"]
[EventRounds "9"]
[EventCountry "ESP"]
[Source "lmi"]
[SourceDate "2014.03.10"]

1. b3 e5 2. Bb2 d6 3. e3 f5 4. d4 e4 5. c4 Nf6 6. Ne2 c6 7. Nf4 Na6 8. Be2 Be7
9. O-O O-O 10. Nc3 Nc7 11. d5 cxd5 12. cxd5 Bd7 13. Qd4 b5 14. b4 Rf7 15. g3
Bf8 16. a4 bxa4 17. b5 g6 18. Rxa4 Bg7 19. Qb4 g5 20. Ne6 Nxe6 21. dxe6 Bxe6
22. Ra6 Ne8 23. Bh5 Rd7 24. Rfa1 Be5 25. Bxe8 Qxe8 26. b6 Rb7 27. Rxa7 Raxa7
28. Rxa7 Qc6 29. Rxb7 Qxb7 30. Qa5 Qc6 31. Qa7 Bc8 32. Qc7 Qxc7 33. bxc7 Kf8
34. Nb5 Bxb2 35. Nxd6 Be5 36. Nxc8 Bxc7 37. Na7 Be5 38. Nc6 Bc3 39. Kf1 Ke8 40.
Ke2 Kd7 41. Nd4 Bxd4 42. exd4 Kd6 43. f3 Kd5 44. Ke3 exf3 45. Kxf3 Kxd4 46. g4
f4 47. Kf2 Ke4 48. Ke2 f3+ 49. Kf2 Kf4 50. h4 gxh4 51. g5 h3 0-1

[Event "Madrid-ch Semifinal A"]
[Site "Madrid ESP"]
[Date "2014.03.18"]
[Round "5.6"]
[White "Vazquez Gonzalez, Jesus"]
[Black "Lopez De Turiso, Jose Angel"]
[Result "0-1"]
[WhiteElo "2054"]
[BlackElo "2127"]
[PlyCount "56"]
[EventDate "2014.03.10"]
[EventType "swiss"]
[EventRounds "9"]
[EventCountry "ESP"]
[Source "lmi"]
[SourceDate "2014.03.10"]

1. b3 e5 2. Bb2 d6 3. e3 f5 4. d4 Nd7 5. c4 Be7 6. Qc2 Nh6 7. Nc3 c6 8. dxe5
dxe5 9. Nf3 Qc7 10. g3 O-O 11. Bg2 Kh8 12. O-O e4 13. Nd4 Ne5 14. Rad1 Bd7 15.
f3 exf3 16. Bxf3 Nhg4 17. Bc1 Bg5 18. Qe2 Rae8 19. e4 Bxc1 20. Rxc1 Nxf3+ 21.
Qxf3 Ne5 22. Qe3 fxe4 23. Rxf8+ Rxf8 24. Qxe4 Bh3 25. Nce2 g5 26. Qe3 Qe7 27.
Kh1 Qf6 28. Ng1 Ng4 0-1

[Event "Madrid-ch Semifinal A"]
[Site "Madrid ESP"]
[Date "2014.03.18"]
[Round "5.7"]
[White "Rodriguez De Castro, Ayar"]
[Black "Mansilla Tolosa, Luis"]
[Result "1/2-1/2"]
[WhiteElo "2108"]
[BlackElo "2035"]
[PlyCount "120"]
[EventDate "2014.03.10"]
[EventType "swiss"]
[EventRounds "9"]
[EventCountry "ESP"]
[Source "lmi"]
[SourceDate "2014.03.10"]

1. d4 Nf6 2. c4 e6 3. g3 c6 4. Bg2 d5 5. Qc2 Be7 6. Nd2 O-O 7. Ngf3 Nbd7 8. O-O
b6 9. b3 Bb7 10. Bb2 c5 11. cxd5 Nxd5 12. Rad1 Rc8 13. Qb1 Qc7 14. e4 N5f6 15.
Rfe1 Rfe8 16. Nc4 b5 17. Nce5 Nxe5 18. Nxe5 cxd4 19. Bxd4 Bc5 20. Bxc5 Qxc5 21.
Nd7 Nxd7 22. Rxd7 Bc6 23. b4 Qb6 24. Rd2 e5 25. Red1 Rcd8 26. Qa1 f6 27. Qc3
Rxd2 28. Rxd2 Qb7 29. f3 Bd7 30. Qd3 Be6 31. Bf1 Qb6+ 32. Kg2 Bc4 33. Qd7 Bxf1+
34. Kxf1 Kf8 35. Kg2 Re7 36. Qd5 Qb7 37. Qc5 Qb6 38. Qc8+ Re8 39. Qd7 Re7 40.
Qf5 g6 41. Qc8+ Re8 42. Qd7 Re7 43. Qd5 a6 44. Rc2 Qe6 45. Rc6 Qxd5 46. exd5
Kf7 47. Rxa6 Rd7 48. Kf2 Rxd5 49. Ke3 h5 50. a3 Ke7 51. h4 Rd1 52. Ke2 Rd6 53.
Ra5 Rb6 54. Ke3 Ke6 55. f4 exf4+ 56. Kxf4 Kd5 57. a4 Kc4 58. axb5 Kxb4 59. Ra6
Kxb5 60. Ra8 Rc6 1/2-1/2

[Event "Madrid-ch Semifinal A"]
[Site "Madrid ESP"]
[Date "2014.03.18"]
[Round "5.8"]
[White "Gonzalez Rivera, Eduardo"]
[Black "Cervino Rossel, Cristobal"]
[Result "1-0"]
[WhiteElo "2101"]
[BlackElo "2018"]
[PlyCount "99"]
[EventDate "2014.03.10"]
[EventType "swiss"]
[EventRounds "9"]
[EventCountry "ESP"]
[Source "lmi"]
[SourceDate "2014.03.10"]

1. e4 e5 2. Nf3 Nc6 3. Bb5 a6 4. Bxc6 bxc6 5. Nxe5 Qg5 6. Nf3 Qxg2 7. Rg1 Qh3
8. d4 Qe6 9. Ng5 Qe7 10. Nc3 h6 11. Nf3 d6 12. b3 g6 13. Ba3 Bg7 14. Qe2 Qd8
15. O-O-O Ne7 16. e5 d5 17. Nh4 O-O 18. f4 Re8 19. Bxe7 Qxe7 20. Qf2 Qe6 21.
Na4 Kh7 22. f5 Qe7 23. f6 Qa3+ 24. Kb1 Bh8 25. Nc5 a5 26. Rg3 a4 27. bxa4 Rb8+
28. Rb3 Bg4 29. Rg1 Bh5 30. Rgg3 Rb4 31. Qd2 Reb8 32. Na6 Rxb3+ 33. Rxb3 Rxb3+
34. cxb3 g5 35. Qc2+ Kg8 36. Qc5 Qxc5 37. Nxc5 gxh4 38. a5 Be2 39. a6 Bxa6 40.
Nxa6 Kh7 41. Nc5 Kg6 42. a4 Kh5 43. a5 Bxf6 44. exf6 Kg4 45. a6 Kh3 46. a7 Kxh2
47. a8=Q h3 48. Qg8 h5 49. Nd3 h4 50. Qg4 1-0

[Event "Madrid-ch Semifinal A"]
[Site "Madrid ESP"]
[Date "2014.03.18"]
[Round "5.9"]
[White "Martos De La Vega, Alvar"]
[Black "Martin Rodriguez, Emilio"]
[Result "0-1"]
[WhiteElo "1958"]
[BlackElo "2078"]
[PlyCount "76"]
[EventDate "2014.03.10"]
[EventType "swiss"]
[EventRounds "9"]
[EventCountry "ESP"]
[Source "lmi"]
[SourceDate "2014.03.10"]

1. d4 b6 2. c4 Bb7 3. d5 e6 4. g3 Bb4+ 5. Bd2 Bxd2+ 6. Qxd2 Na6 7. Bg2 e5 8. e4
d6 9. b4 Nb8 10. Nc3 a5 11. bxa5 Rxa5 12. a4 Nd7 13. Nb5 Nc5 14. Qc2 Ne7 15.
Ne2 O-O 16. O-O f5 17. exf5 Nxf5 18. Nec3 Qd7 19. Ne4 Nxe4 20. Bxe4 g6 21. f4
Ne3 22. Qb3 Nxf1 23. Rxf1 Bc8 24. fxe5 Rxf1+ 25. Kxf1 dxe5 26. d6 c5 27. Kg1
Qg4 28. Bf3 Qf5 29. Bd5+ Kg7 30. Qd1 Bd7 31. Nc3 Ra7 32. Be4 Qe6 33. Qd3 Qf6
34. Qd1 Be6 35. Nb5 Rf7 36. Bc6 Qf2+ 37. Kh1 Bh3 38. Qg1 Qxg1+ 0-1

[Event "Madrid-ch Semifinal A"]
[Site "Madrid ESP"]
[Date "2014.03.18"]
[Round "5.10"]
[White "Pinel Mirasierra, Jose Pablo"]
[Black "Martin Martin, Luis Vicente"]
[Result "1-0"]
[WhiteElo "1951"]
[BlackElo "2065"]
[PlyCount "55"]
[EventDate "2014.03.10"]
[EventType "swiss"]
[EventRounds "9"]
[EventCountry "ESP"]
[Source "lmi"]
[SourceDate "2014.03.10"]

1. d4 d5 2. c4 c6 3. Qc2 Nf6 4. Nf3 g6 5. Bf4 Bg7 6. e3 O-O 7. h3 Bf5 8. Qb3
Qb6 9. Nc3 dxc4 10. Bxc4 Qxb3 11. Bxb3 Nbd7 12. Rd1 Nb6 13. O-O a5 14. a3 a4
15. Ba2 Bc2 16. Rc1 Bb3 17. Bxb3 axb3 18. Nd2 Nfd5 19. Nxd5 cxd5 20. Nxb3 Nc4
21. Rc2 e6 22. Nd2 b5 23. Nxc4 bxc4 24. Bd6 Rfd8 25. Bb4 Rdb8 26. b3 Bf8 27.
bxc4 dxc4 28. Rxc4 1-0

[Event "Madrid-ch Semifinal A"]
[Site "Madrid ESP"]
[Date "2014.03.18"]
[Round "5.11"]
[White "Vallejo Nuno, Jorge"]
[Black "Camacho Casado, Demetrio"]
[Result "1-0"]
[WhiteElo "2061"]
[BlackElo "1956"]
[PlyCount "67"]
[EventDate "2014.03.10"]
[EventType "swiss"]
[EventRounds "9"]
[EventCountry "ESP"]
[Source "lmi"]
[SourceDate "2014.03.10"]

1. e4 e5 2. f4 d5 3. Nf3 exf4 4. exd5 Nf6 5. Bc4 Bd6 6. Qe2+ Qe7 7. Qxe7+ Kxe7
8. O-O Re8 9. d4 h6 10. Ne5 g5 11. Bb3 a6 12. c4 b6 13. Nc3 Nbd7 14. Nc6+ Kf8
15. Bd2 Bb7 16. a3 Kg7 17. Ba4 Bxc6 18. Bxc6 Rad8 19. Rae1 Rxe1 20. Rxe1 Kf8
21. Ne4 Nxe4 22. Rxe4 Nf6 23. Re1 Ng8 24. b4 Be7 25. Bb7 Bf6 26. Bc3 Ne7 27. a4
Nf5 28. Bxa6 Re8 29. Rxe8+ Kxe8 30. Kf2 Bxd4+ 31. Bxd4 Nxd4 32. c5 Nc2 33. d6
bxc5 34. dxc7 1-0

[Event "Madrid-ch Semifinal A"]
[Site "Madrid ESP"]
[Date "2014.03.18"]
[Round "5.12"]
[White "Quintero Torres, Pedro"]
[Black "Rosa Ramirez, Victor D"]
[Result "1-0"]
[WhiteElo "2004"]
[BlackElo "1989"]
[PlyCount "103"]
[EventDate "2014.03.10"]
[EventType "swiss"]
[EventRounds "9"]
[EventCountry "ESP"]
[Source "lmi"]
[SourceDate "2014.03.10"]

1. e4 e6 2. d4 d5 3. Nc3 Bb4 4. Bd3 dxe4 5. Bxe4 Ne7 6. Nf3 Nbc6 7. O-O f5 8.
Bd3 O-O 9. Ne2 Ng6 10. c3 Bd6 11. Bc2 Nh4 12. Nxh4 Qxh4 13. g3 Qf6 14. b4 Ne7
15. Bb3 b6 16. Nf4 g5 17. Nd3 Bb7 18. f4 g4 19. Ne5 Rad8 20. Qe2 Rfe8 21. Bb2
Nc6 22. Rad1 Bxe5 23. dxe5 Qe7 24. Rxd8 Rxd8 25. Rd1 Kf7 26. Qc2 Rxd1+ 27. Qxd1
Qe8 28. Ba4 Qc8 29. a3 a6 30. c4 Ba8 31. Bc3 Kg6 32. b5 axb5 33. Bxb5 Kh6 34.
h3 Ne7 35. Kh2 Qb7 36. Qg1 Qf3 37. Be1 gxh3 38. a4 Bb7 39. Bd7 Qe2+ 40. Qf2
Qxc4 41. g4 Ng6 42. gxf5 exf5 43. Bxf5 Qd5 44. Bxh3 Qh1+ 45. Kg3 Qe4 46. Bg2
Qd3+ 47. Kh2 Bxg2 48. Kxg2 Qe4+ 49. Kg3 Qf5 50. Bd2 Qd3+ 51. Be3 Qd8 52. f5+
1-0

[Event "Madrid-ch Semifinal A"]
[Site "Madrid ESP"]
[Date "2014.03.18"]
[Round "5.13"]
[White "Lopez Heras, Arturo"]
[Black "Fuentes Arjona, Antonio"]
[Result "0-1"]
[WhiteElo "1956"]
[BlackElo "2003"]
[PlyCount "110"]
[EventDate "2014.03.10"]
[EventType "swiss"]
[EventRounds "9"]
[EventCountry "ESP"]
[Source "lmi"]
[SourceDate "2014.03.10"]

1. Nf3 e6 2. g3 Nf6 3. Bg2 c5 4. O-O Nc6 5. d3 d5 6. c4 Be7 7. Nc3 O-O 8. Bd2
d4 9. Na4 Rb8 10. b3 h6 11. Nb2 e5 12. a4 e4 13. dxe4 Nxe4 14. Bf4 Nc3 15. Qd2
Bd6 16. Bxd6 Qxd6 17. e3 Bf5 18. Nh4 Bh7 19. Rfe1 Rfd8 20. e4 Re8 21. Nf5 Qf6
22. Qf4 Ne5 23. Rac1 g5 24. Qd2 Nxe4 25. Bxe4 Bxf5 26. Bg2 Bg4 27. f4 gxf4 28.
Qxf4 Qxf4 29. gxf4 Nf3+ 30. Bxf3 Bxf3 31. Nd3 Be2 32. Ne5 d3 33. Kf2 d2 34.
Rg1+ Kh7 35. Rb1 d1=Q 36. Rbxd1 Bxd1 37. Rxd1 Rbd8 38. Rg1 Rd2+ 39. Kf3 f6 40.
Ng4 Rd3+ 41. Kf2 Re6 42. f5 Red6 43. Re1 Rxb3 44. Re7+ Kh8 45. Nxh6 Rd2+ 46.
Re2 Rxe2+ 47. Kxe2 Rb2+ 48. Kf3 Rxh2 49. Ng4 Rc2 50. Nxf6 Rxc4 51. Nd7 Kg8 52.
f6 Rxa4 53. Nxc5 Rb4 54. Ke3 Kf7 55. Nd7 Ke6 0-1

[Event "Madrid-ch Semifinal A"]
[Site "Madrid ESP"]
[Date "2014.03.18"]
[Round "5.14"]
[White "Lozano Sanchez, Jose Antonio"]
[Black "Lobato Rivero, Carlos"]
[Result "1/2-1/2"]
[WhiteElo "1874"]
[BlackElo "1999"]
[PlyCount "92"]
[EventDate "2014.03.10"]
[EventType "swiss"]
[EventRounds "9"]
[EventCountry "ESP"]
[Source "lmi"]
[SourceDate "2014.03.10"]

1. e4 g6 2. Nc3 Bg7 3. Bc4 c6 4. a4 d6 5. Nf3 e5 6. O-O Ne7 7. d3 O-O 8. h3 h6
9. Ne2 d5 10. Ba2 Na6 11. c3 Nc5 12. exd5 cxd5 13. Be3 Nxd3 14. Qd2 Kh7 15.
Qxd3 e4 16. Ng5+ hxg5 17. Qd2 g4 18. hxg4 Bxg4 19. Nf4 Be5 20. Nxd5 Nf5 21. Bf4
f6 22. Qe1 Bxf4 23. Nxf4 Qe7 24. Ne6 Rfe8 25. Qxe4 Nh6 26. Rfe1 f5 27. Qf4 Qf6
28. Ng5+ Kh8 29. Re6 Rxe6 30. Bxe6 Re8 31. Re1 Kg7 32. f3 Bh5 33. Kf2 b6 34.
Qd4 Rd8 35. Qxf6+ Kxf6 36. f4 Rd2+ 37. Ke3 Rxb2 38. Kd4 Rf2 39. g3 Rg2 40. Bc4
Rxg3 41. Re6+ Kg7 42. Re7+ Kf8 43. Rh7 Ng4 44. Ne6+ Kg8 45. Ng5+ Kf8 46. Ne6+
Kg8 1/2-1/2

[Event "Madrid-ch Semifinal A"]
[Site "Madrid ESP"]
[Date "2014.03.18"]
[Round "5.15"]
[White "Lorenzo Bailador, Alfredo"]
[Black "Perez Agusti, Luis"]
[Result "1/2-1/2"]
[WhiteElo "1996"]
[BlackElo "1952"]
[PlyCount "70"]
[EventDate "2014.03.10"]
[EventType "swiss"]
[EventRounds "9"]
[EventCountry "ESP"]
[Source "lmi"]
[SourceDate "2014.03.10"]

1. e4 d5 2. exd5 Nf6 3. c4 c6 4. d4 cxd5 5. Nc3 e6 6. Nf3 Bb4 7. Bg5 Bxc3+ 8.
bxc3 Qa5 9. Qb3 dxc4 10. Qxc4 Nbd7 11. Bd3 O-O 12. O-O Nd5 13. Bd2 Qc7 14. Rfe1
Qxc4 15. Bxc4 N7b6 16. Bd3 Bd7 17. Ne5 Rfd8 18. Rab1 Bc6 19. Nxc6 bxc6 20. Ba6
Rab8 21. Rb3 Nd7 22. Reb1 Rb6 23. Bb7 Ne7 24. Be3 Rb8 25. Ba6 Nd5 26. Bd2 c5
27. dxc5 Nxc5 28. Rxb6 Rxb6 29. Rxb6 axb6 30. Bc4 Nf6 31. f3 Nfd7 32. Bb5 Nf6
33. Bc4 Kf8 34. Kf2 Ke8 35. Ke3 Kd7 1/2-1/2

[Event "Madrid-ch Semifinal A"]
[Site "Madrid ESP"]
[Date "2014.03.18"]
[Round "5.16"]
[White "Martin-Consuegra Barrilero, Ja"]
[Black "Garcia Gutierrez, Jose"]
[Result "0-1"]
[WhiteElo "1853"]
[BlackElo "2009"]
[PlyCount "61"]
[EventDate "2014.03.10"]
[EventType "swiss"]
[EventRounds "9"]
[EventCountry "ESP"]
[Source "lmi"]
[SourceDate "2014.03.10"]

1. d4 Nf6 2. Bf4 d5 3. e3 e6 4. Bd3 Bd6 5. Bg3 b6 6. Nd2 Bb7 7. Ngf3 O-O 8. c3
c5 9. a4 Ne4 10. Bxd6 Qxd6 11. O-O Nd7 12. Ne1 e5 13. dxe5 Nxe5 14. Be2 Qh6 15.
Nxe4 dxe4 16. Qc2 Rad8 17. Rd1 Qg6 18. Rxd8 Rxd8 19. c4 h5 20. f4 Nd3 21. Qc3
h4 22. Nc2 Rd6 23. Rd1 Bc6 24. b3 Bd7 25. Ne1 Bh3 26. Bf1 Bxg2 27. Nxg2 h3 28.
Ra1 hxg2 29. Bxg2 Qg4 30. Qd2 Nxf4 31. Qf2 0-1

[Event "Madrid-ch Semifinal A"]
[Site "Madrid ESP"]
[Date "2014.03.18"]
[Round "5.17"]
[White "Garcia Gonzalez, Jesus"]
[Black "Rueda Maria, Ramiro"]
[Result "1/2-1/2"]
[WhiteElo "1993"]
[BlackElo "1967"]
[PlyCount "48"]
[EventDate "2014.03.10"]
[EventType "swiss"]
[EventRounds "9"]
[EventCountry "ESP"]
[Source "lmi"]
[SourceDate "2014.03.10"]

1. e4 e5 2. Nc3 Nf6 3. f4 d6 4. Nf3 Bg4 5. h3 Bxf3 6. Qxf3 Nbd7 7. Bc4 c6 8. a4
Qb6 9. d3 exf4 10. Qxf4 Qc5 11. Be3 Qe5 12. Qf2 d5 13. Bd4 Qe6 14. Bb3 c5 15.
Nxd5 Nxd5 16. Bxd5 Qg6 17. O-O f6 18. Bc3 O-O-O 19. d4 Bd6 20. dxc5 Nxc5 21.
Qf5+ Qxf5 22. Rxf5 Rhe8 23. Re1 Nxa4 24. Bd4 Nb6 1/2-1/2

[Event "Madrid-ch Semifinal A"]
[Site "Madrid ESP"]
[Date "2014.03.18"]
[Round "5.18"]
[White "Luna Hermoso, Angel"]
[Black "Saber, Salah"]
[Result "0-1"]
[WhiteElo "1973"]
[BlackElo "1847"]
[PlyCount "102"]
[EventDate "2014.03.10"]
[EventType "swiss"]
[EventRounds "9"]
[EventCountry "ESP"]
[Source "lmi"]
[SourceDate "2014.03.10"]

1. d4 d5 2. c4 c6 3. Nf3 Nf6 4. g3 e6 5. Bg2 Bd6 6. O-O Nbd7 7. Nc3 O-O 8. Qc2
a6 9. e4 dxe4 10. Ng5 c5 11. dxc5 Bxc5 12. Ncxe4 Nxe4 13. Nxe4 Be7 14. Rd1 Qc7
15. c5 Nf6 16. Bg5 Nxe4 17. Bxe7 Qxe7 18. Bxe4 g6 19. Rd6 e5 20. Rad1 Be6 21.
b4 Rac8 22. Qd2 Kg7 23. Qb2 f6 24. Bxb7 Qxb7 25. Rxe6 Rxc5 26. Rxa6 Rb5 27.
Rad6 Rf7 28. a3 h5 29. Qd2 Qf3 30. Rd7 Rb7 31. Rxf7+ Rxf7 32. Qd3 Qg4 33. f3
Qe6 34. Qd6 Qb3 35. Qd3 Qe6 36. b5 Qb6+ 37. Kg2 g5 38. a4 g4 39. fxg4 hxg4 40.
Qe4 Qe6 41. Qd5 Qb6 42. Qe4 Qe6 43. Kf1 f5 44. Qd5 Qe7 45. Qd6 Qe8 46. Rd5 Re7
47. a5 Kf7 48. a6 Qc8 49. Qc6 Rc7 50. Qd6 Rc1+ 51. Kg2 Qc2+ 0-1

[Event "Madrid-ch Semifinal A"]
[Site "Madrid ESP"]
[Date "2014.03.18"]
[Round "5.19"]
[White "Hernandez Garcia, Carlos"]
[Black "Fernandez Garcia, Ignacio"]
[Result "1-0"]
[WhiteElo "1814"]
[BlackElo "1907"]
[PlyCount "67"]
[EventDate "2014.03.10"]
[EventType "swiss"]
[EventRounds "9"]
[EventCountry "ESP"]
[Source "lmi"]
[SourceDate "2014.03.10"]

1. e4 d6 2. d4 g6 3. f4 Bg7 4. Nf3 Nf6 5. Nc3 c6 6. e5 Ng4 7. h3 Nh6 8. g4 d5
9. Be3 e6 10. Qd2 Ng8 11. Be2 Ne7 12. h4 h6 13. h5 Nd7 14. hxg6 fxg6 15. O-O-O
b5 16. f5 gxf5 17. Bxh6 Bxh6 18. Rxh6 Rxh6 19. Qxh6 Nf8 20. Ng5 b4 21. Na4 Qa5
22. b3 Bd7 23. Qh5+ Nfg6 24. gxf5 exf5 25. e6 Bc8 26. Kb1 Ba6 27. Bxa6 Qxa6 28.
Nf7 c5 29. Nxc5 Qb6 30. Nh8 O-O-O 31. Nxg6 Nc6 32. Nd7 Qc7 33. Qxf5 Re8 34.
Qxd5 1-0

[Event "Madrid-ch Semifinal A"]
[Site "Madrid ESP"]
[Date "2014.03.18"]
[Round "5.20"]
[White "Lopez Orellana, Federico"]
[Black "Fernandez Aransay, Fernando"]
[Result "1/2-1/2"]
[WhiteElo "1808"]
[BlackElo "1888"]
[PlyCount "57"]
[EventDate "2014.03.10"]
[EventType "swiss"]
[EventRounds "9"]
[EventCountry "ESP"]
[Source "lmi"]
[SourceDate "2014.03.10"]

1. d4 d5 2. e3 Nf6 3. Bd3 e6 4. Nd2 Bd6 5. f4 Nbd7 6. Ngf3 c5 7. c3 b6 8. Ne5
Bb7 9. Qf3 O-O 10. O-O c4 11. Bc2 b5 12. g4 Qc7 13. g5 Ne4 14. Nxd7 Qxd7 15.
Nxe4 dxe4 16. Bxe4 Bxe4 17. Qxe4 Be7 18. Bd2 Qd5 19. Qg2 f5 20. Rae1 Qe4 21. h4
Rab8 22. Qxe4 fxe4 23. a3 Rf5 24. Kg2 h5 25. Rd1 g6 26. Rf2 Rd5 27. Be1 Bd6 28.
Rc2 Rc8 29. Ra1 1/2-1/2

[Event "Madrid-ch Semifinal A"]
[Site "Madrid ESP"]
[Date "2014.03.18"]
[Round "5.21"]
[White "Camarero Izquierdo, Juan Carlo"]
[Black "Ore Leon, Gustavo"]
[Result "1/2-1/2"]
[WhiteElo "1864"]
[BlackElo "1840"]
[PlyCount "113"]
[EventDate "2014.03.10"]
[EventType "swiss"]
[EventRounds "9"]
[EventCountry "ESP"]
[Source "lmi"]
[SourceDate "2014.03.10"]

1. d4 Nf6 2. Nc3 d5 3. Bg5 Nbd7 4. Nf3 h6 5. Bh4 e6 6. Ne5 Bd6 7. f4 a6 8. e4
dxe4 9. Nxe4 Be7 10. Bxf6 Nxf6 11. Nxf6+ gxf6 12. Nf3 b5 13. Bd3 Bb7 14. a4 c6
15. O-O f5 16. c3 b4 17. Ne5 c5 18. Qh5 Rh7 19. Bc4 Rg7 20. Rf2 Bd5 21. Qxh6
Bf8 22. Qh8 Bxc4 23. Nxc4 Qc7 24. cxb4 cxd4 25. Ne5 Qb7 26. Nd3 Rc8 27. h4 f6
28. h5 Qf7 29. Re1 Kd7 30. h6 Rh7 31. Ne5+ fxe5 32. Qxe5 Rxh6 33. Qxd4+ Ke8 34.
Rfe2 Be7 35. Qb6 Qh5 36. Qxa6 Qh2+ 37. Kf1 Qxf4+ 38. Kg1 Qh2+ 39. Kf1 Rd8 40.
Qb6 Qh1+ 41. Qg1 Qxg1+ 42. Kxg1 Bxb4 43. Rxe6+ Rxe6 44. Rxe6+ Kf7 45. Re2 Rd3
46. Kf1 Rb3 47. Rc2 Ke6 48. Ke2 Kd5 49. Kd1 Bc5 50. Kc1 Kc6 51. Re2 Rb4 52.
Re6+ Bd6 53. Rf6 f4 54. a5 Kd5 55. Rf7 Be5 56. a6 Rxb2 57. Rxf4 1/2-1/2

[Event "Madrid-ch Semifinal A"]
[Site "Madrid ESP"]
[Date "2014.03.19"]
[Round "6.1"]
[White "Madina Yadarola, Martin"]
[Black "Alvarez Abejon, Amilcar"]
[Result "1-0"]
[WhiteElo "2254"]
[BlackElo "2054"]
[PlyCount "39"]
[EventDate "2014.03.10"]
[EventType "swiss"]
[EventRounds "9"]
[EventCountry "ESP"]
[Source "lmi"]
[SourceDate "2014.03.10"]

1. g3 g6 2. Bg2 Bg7 3. e4 c5 4. Ne2 Nc6 5. O-O d6 6. c3 e5 7. d3 Nge7 8. Be3
O-O 9. Nd2 b6 10. f4 f5 11. exf5 Bxf5 12. Nf3 d5 13. fxe5 Nxe5 14. Nxe5 Bxe5
15. d4 cxd4 16. Nxd4 Bxd4 17. Qxd4 Rc8 18. Bg5 Be4 19. Bxe4 Rc4 20. Rxf8+ 1-0

[Event "Madrid-ch Semifinal A"]
[Site "Madrid ESP"]
[Date "2014.03.19"]
[Round "6.2"]
[White "Barraza Caracuel, Ignacio"]
[Black "Gonzalez Mateos, Rafael"]
[Result "1-0"]
[WhiteElo "2207"]
[BlackElo "2005"]
[PlyCount "121"]
[EventDate "2014.03.10"]
[EventType "swiss"]
[EventRounds "9"]
[EventCountry "ESP"]
[Source "lmi"]
[SourceDate "2014.03.10"]

1. d4 Nf6 2. c4 e6 3. Nc3 Bb4 4. e3 b6 5. Nge2 Bb7 6. a3 Be7 7. Nf4 Bd6 8. f3
Bxf4 9. exf4 d5 10. cxd5 Nxd5 11. Bb5+ Nd7 12. Nxd5 Bxd5 13. Qa4 a6 14. Bd3 O-O
15. O-O c5 16. Be4 Bxe4 17. fxe4 cxd4 18. Qxd4 Nc5 19. Be3 Qxd4 20. Bxd4 Nb3
21. Rad1 Nxd4 22. Rxd4 Rfc8 23. Rfd1 Kf8 24. R1d2 Ke8 25. Rd6 Rab8 26. Kf2 Rc7
27. Ke3 Ke7 28. e5 h5 29. Kf3 g6 30. R2d3 a5 31. Rb3 Rcb7 32. Rb5 f6 33. Rc6
Kd7 34. Rc3 fxe5 35. Rxe5 b5 36. Rg5 Rg8 37. Rcc5 b4 38. a4 b3 39. Rxa5 Rc8 40.
Rab5 Rxb5 41. Rxb5 Rc4 42. Rxb3 Rxa4 43. Rb7+ Kd6 44. Rg7 Rb4 45. Rxg6 Rb3+ 46.
Kf2 Rxb2+ 47. Kg3 Rb5 48. Kh4 Ke7 49. Rg5 Rb2 50. Kxh5 Rf2 51. Rg4 Kf6 52. Kh4
Kf5 53. Rg8 Rxf4+ 54. g4+ Ke4 55. Kh5 Kf3 56. g5 e5 57. g6 Rf5+ 58. Kh6 e4 59.
g7 Kg4 60. Rf8 Rh5+ 61. Kg6 1-0

[Event "Madrid-ch Semifinal A"]
[Site "Madrid ESP"]
[Date "2014.03.19"]
[Round "6.3"]
[White "Elissalt Cardenas, Hector"]
[Black "Suarez Uriel, Adrian"]
[Result "1/2-1/2"]
[WhiteElo "2369"]
[BlackElo "2279"]
[PlyCount "119"]
[EventDate "2014.03.10"]
[EventType "swiss"]
[EventRounds "9"]
[EventCountry "ESP"]
[Source "lmi"]
[SourceDate "2014.03.10"]

1. c4 e5 2. Nc3 Nf6 3. Nf3 Nc6 4. g3 Bb4 5. Nd5 Bc5 6. b4 Nxb4 7. Nxb4 e4 8.
Nd3 exd3 9. e3 O-O 10. Bxd3 b6 11. Bb2 Bb7 12. O-O Re8 13. Be2 d5 14. d4 Bf8
15. Ne5 Ne4 16. cxd5 f6 17. Nd3 Qxd5 18. Nf4 Qf7 19. Rc1 Nd6 20. Qb3 Rac8 21.
d5 Ba8 22. Rfd1 Ne4 23. Bh5 g6 24. Be2 Bd6 25. Bc4 g5 26. Ne6 Qh5 27. Qc2 Qf3
28. Nd4 Qh5 29. Qe2 g4 30. h4 Qg6 31. Nc6 h5 32. Nxa7 Rcd8 33. Nb5 Qf5 34. Nd4
Qe5 35. Nc6 Nxg3 36. Bxe5 Nxe2+ 37. Bxe2 Bxe5 38. Nxd8 Rxd8 39. Bb5 Bb7 40. Bc6
Ba6 41. Rd2 Kf8 42. Kg2 Ke7 43. a4 Bc8 44. e4 Bf4 45. Rdc2 Bxc1 46. Rxc1 Kd6
47. Kg3 Ke5 48. Bb5 Kxe4 49. Rxc7 Kxd5 50. Rh7 Ke5 51. Rxh5+ f5 52. Rg5 Rd1 53.
f3 gxf3 54. Kxf3 Bb7+ 55. Ke2 Rd6 56. Bd3 Rf6 57. Ke3 Bc6 58. Bc2 Bd7 59. h5
Bc6 60. h6 1/2-1/2

[Event "Madrid-ch Semifinal A"]
[Site "Madrid ESP"]
[Date "2014.03.19"]
[Round "6.4"]
[White "Lopez De Turiso, Jose Angel"]
[Black "Vallejo Nuno, Jorge"]
[Result "1-0"]
[WhiteElo "2127"]
[BlackElo "2061"]
[PlyCount "115"]
[EventDate "2014.03.10"]
[EventType "swiss"]
[EventRounds "9"]
[EventCountry "ESP"]
[Source "lmi"]
[SourceDate "2014.03.10"]

1. e4 e5 2. Nc3 c5 3. Bc4 Nc6 4. d3 d6 5. Nge2 Nf6 6. Bg5 Be7 7. Bxf6 Bxf6 8.
Nd5 Bg5 9. f4 exf4 10. Nexf4 O-O 11. O-O Ne5 12. Bb3 Bd7 13. a4 Rc8 14. Qe2 Kh8
15. c3 c4 16. dxc4 f5 17. Bc2 fxe4 18. Bxe4 Qe8 19. b3 Bg4 20. Qc2 g6 21. h3
Be6 22. Rae1 Qd7 23. Nxe6 Qxe6 24. Qe2 Kg7 25. Rxf8 Rxf8 26. Rf1 Rxf1+ 27. Kxf1
Nc6 28. Bf3 Ne5 29. Be4 Qe8 30. Kg1 Qe6 31. Nc7 Qe7 32. Nb5 a6 33. Nd4 Nc6 34.
Bxc6 Qxe2 35. Nxe2 Be3+ 36. Kf1 bxc6 37. Ke1 Kf6 38. b4 Ke5 39. Ng3 Kf4 40. Ke2
Bg1 41. Nf1 h5 42. g3+ Ke4 43. Nd2+ Kf5 44. Kf3 Ba7 45. g4+ hxg4+ 46. hxg4+ Ke5
47. Nb3 d5 48. c5 Ke6 49. Nd4+ Kd7 50. Kf4 a5 51. Kg5 Bb8 52. Kxg6 axb4 53.
cxb4 Be5 54. Nb3 Bc3 55. b5 cxb5 56. axb5 d4 57. Kf7 Bb4 58. g5 1-0